Thirty years of Phytomorphology : a cumulative index of vol. 1-30, 1951-1980 /

Enregistré dans:
Détails bibliographiques
Auteur principal: Ojha, Dinesh Chandra, 1948-
Autres auteurs: Vyas, Naju
Format: Livre
Langue:English
Publié: Jodhpur, India : Deepak Publishers : exclusive distributors, United Book Traders, c1983.
Sujets:
LEADER 01358cam a2200361 a 4500
001 c000398033
003 CARM
005 20140916124657.0
008 140916s1983 ii i 001 0 eng d
010 |a 83902947 
019 1 |a 24907390  |5 LACONCORD2021 
020 |c Rs100.00 
025 |a I E 44094 
035 |a (OCoLC)12553506  |5 LACONCORD2021 
040 |a DLC  |b eng  |c DLC  |d DLC 
050 0 0 |a QK1  |b .P586 Suppl 
082 0 4 |a 581.4  |2 23 
100 1 |a Ojha, Dinesh Chandra,  |d 1948- 
245 1 0 |a Thirty years of Phytomorphology :  |b a cumulative index of vol. 1-30, 1951-1980 /  |c compiled by D.C. Ojha, Anju Vyas. 
246 3 8 |a Phytomorphology :  |b a cumulative index 
260 |a Jodhpur, India :  |b Deepak Publishers :  |b exclusive distributors, United Book Traders,  |c c1983. 
300 |a vii, 197 p. ;  |c 26 cm. 
500 |a Includes index. 
650 0 |a Phytomorphology  |v Indexes. 
650 0 |a Plant morphology  |v Indexes. 
650 0 |a Botany  |v Indexes. 
700 1 |a Vyas, Naju. 
740 0 |a Phytomorphology, a cumulative index. 
852 8 |b CARM  |p 0606789  |f BK 
852 8 |b SCAN  |h A3:AJ02E0  |i F08987  |p 0606789  |f BK 
999 f f |i f9812846-9201-5c63-b40b-28fac405c3cb  |s 01f36cdc-86fc-5638-86dc-9f0eddda91ad 
952 f f |p Can circulate  |a CAVAL  |b CAVAL  |c CAVAL  |d CARM 1 Store  |i book  |m 0606789 
952 f f |a CAVAL  |b CAVAL  |c CAVAL  |d Unmapped Location  |e F08987  |f A3:AJ02E0  |h Other scheme